000 00428nam a22001697a 4500
003 CEME
005 20210628202555.0
008 210209b xxu||||| |||| 00| 0 eng d
020 _a0-521-59841-9
040 _c.
082 _a530.12 LEV
100 _aLevin, F.S
_960551
245 _aAn introduction to quantum theory
260 _aUS
_bCAMBRIDGE UNIVERSITY PRESS
_c2001
650 _aQUANTUM THEORY
_9177
942 _cBK
_2ddc
999 _c570252
_d570252